Días del '36 = Meres tou '36 /

Gespeichert in:
Bibliographische Detailangaben
1. Verfasser: Angelopoulos, Theo (realización)
Weitere Verfasser: Kiritsis, Giorgos (actuación) (actuación), Chimaras, Kristoforos (actuación) (actuación), Doukakos, Takis (actuación) (actuación)
Format: Dia
Sprache:Griechisch
Schriftenreihe:(Intermedio. Theo Angelopoulos)
Schlagworte:
Tags: Tag hinzufügen
Keine Tags, Fügen Sie das erste Tag hinzu!

MARC

LEADER 00000ngm^a2200000^a^4500
001 000297998
005 20250521000000.0
009 20260310112355.066
037 |a Acervo ITESO - Biblioteca 
041 |a GRI 
082 |a 889.  |b ANG V. 2 
100 |a Angelopoulos, Theo  |e (realización) 
240 1 1 |a [Theo Angelopoulos: 1970-1977] 
245 1 0 |a Días del '36 =  |b Meres tou '36 /  |c Realización de T. Angelopoulos. 
246 2 |a Título de exhibición cinematográfica en México: Los días del 36 
264 2 |a Barcelona, España :  |b Prodimag [distribución],  |c 2008, c2008 
300 |a 1 DVD región 2 PAL  |c (105 min.) 
336 |a imagen móvil bidimensional  |b tdi  |2 rdacontenido 
337 |a video  |b v  |2 rdamedio 
338 |a videodisco  |b vd  |2 rdasoporte 
440 1 |a (Intermedio.  |p Theo Angelopoulos) 
546 |a En griego, con subtítulos opcionales: español 
649 |a XX 
650 |a Dramas Cinematográficos 
650 |a Cine Griego -  |y 1970-1979 
650 |a Cine Griego -  |y Siglo XX 
650 |a Homosexualidad 
650 |a Secuestros 
650 |a Asesinato 
650 |a Sindicalismo 
650 |a Represión 
650 |a Censura 
650 |a Poder Político 
650 |a Violencia Política 
650 |a Izquierda, La -  |z Grecia -  |x Historia -  |y Siglo XX 
650 |a Política -  |z Grecia -  |x Historia -  |y Restauración Monárquica, 1937-1967 
650 |a Política -  |z Grecia -  |x Historia -  |y Junta Militar, 1967-1974 
650 |a Cine -  |x Aspectos Políticos 
650 |a Cine -  |x Aspectos Sociales y Culturales 
700 |a Kiritsis, Giorgos  |e (actuación) 
700 |a Chimaras, Kristoforos  |e (actuación) 
700 |a Doukakos, Takis  |e (actuación) 
910 |a Fondo General 
920 |a Audiovisuales - DVDs 
940 |a Películas 
905 |a 308 
901 |a 0500183135  |b IT2  |c DVR  |i C118923  |u 20250521 
902 |a https://opac.biblio.iteso.mx/vufind/Record/000297998